000 00973cam a2200325 a 4500
999 _c2709
_d2709
001 220086
003 GBCCL
005 20241126110437.0
008 980417s1998 cau b 001 0 eng
010 _a 98021603
020 _a0830720731 (hardcover)
020 _a9780830720736 (hardcover)
020 _a0830720758 (ITPE)
020 _a9780830720750 (ITPE)
035 _a(OCoLC)ocm39033394
035 _a(OCoLC)39033394
040 _aDLC
_cDLC
_dBAKER
_dBTCTA
_dYDXCP
_dLBB
049 _aLBBK
050 0 0 _aBV4501.2
_b.S4357 1998
082 0 0 _a243
_221
_bSHE
090 _aBV4501.2
_b.S4357 1998
100 1 _aSheets, Dutch.
_95579
245 1 4 _aThe river of God /
_cDutch Sheets.
260 _aVentura, Calif. :
_bRenew Books,
_cc1998.
300 _a233 p. ;
_c23 cm.
504 _aIncludes bibliographical references (p. [221]-222) and indexes.
520 _aChristian Library of Lancaster Collection.
650 0 _aChristian life.
_9183
942 _2ddc
_cBK